International Digest of Health Legislation (Registro nro. 1201)
[ vista simple ]
| 000 -LEADER | |
|---|---|
| fixed length control field | 00642nas a22001697a 4500 |
| 008 - CAMPO DE CONTROL RECURSOS CONTINUADOS | |
| fixed length control field | 130301t19919999sz ||||| |||| 00| 0 eng d |
| 022 ## - INTERNATIONAL STANDARD SERIAL NUMBER | |
| International Standard Serial Number | 0020-6563 |
| 245 ## - TITULO | |
| Titulo | International Digest of Health Legislation |
| 260 ## - PUBLICACION, DISTRIBUCION, ETC. (PIE DE IMPRENTA) | |
| Lugar de publicación, distribución, etc | Ginebra: |
| Nombre de la editorial, distribuidor, etc. | Organizacion Mundial de la Salud, |
| Fecha de publicación | 1991 |
| 300 ## - DESCRIPCION FISICA | |
| Extensión | v. : |
| 310 ## - FRECUENCIA ACTUAL DE LA PUBLICACION | |
| Frecuencia actual de la publicación | cuatrimestral |
| 546 ## - NOTA DE IDIOMA | |
| Nota de lenguaje | ingles |
| 590 ## - NOTAS LOCALES (RLIN) | |
| Nota local | Existencias: 1991 42(3,4); 1992 43(2-4), 1993 44(1-4); 1994 45(1-4); 1995 46(1-4); 1996 47(1-4); 1997 48(1-4); 1998 49(1-4); 1999 50(1-4)<br/>Del año 1991 al 1999 BAJA en DEPÓSITO. |
| 650 ## - MATERIA-TERMINO TEMATICO | |
| Término temático | LEGISLACION SANITARIA |
| 9 (RLIN) | 1925 |
| 856 ## - LOCALIZACION ELECTRONICA Y ACCESO | |
| Identificador Uniforme de Recurso (URI) | <a href="http://apps.who.int/idhl-rils/">http://apps.who.int/idhl-rils/</a> |
| 942 ## - ADDED ENTRY ELEMENTS (KOHA) | |
| Source of classification or shelving scheme | Dewey Decimal Classification |
| Item type | Continuing Resources |
No hay ítems disponibles.